[Event "XIV Open Primavera"]
[Site "Robecchetto con Induno ITA"]
[Date "2017.05.11"]
[Round "6"]
[White "Gaspari, Giulio"]
[Black "Colusso, Ermes"]
[Result "1-0"]
[WhiteElo "1717"]
[BlackElo "1741"]
[PlyCount "119"]
[EventDate "2017.04.06"]

1. d4 Nf6 2. c4 c5 3. e3 e6 4. Nf3 d5 5. Nc3 cxd4 6. Nxd4 a6 7. Nf3 Nc6 8. a3
Bc5 9. b4 Bd6 10. c5 Bc7 11. Be2 O-O 12. O-O b5 13. Bb2 Bb7 14. Nd4 Qe7 15.
Nxc6 Bxc6 16. Bf3 Rfd8 17. Ne2 Ne4 18. Nd4 Bb7 19. Qc1 Rac8 20. Bxe4 dxe4 21.
Bc3 Bd5 22. Qb2 Bb8 23. Rfe1 f5 24. a4 e5 25. Nxf5 Qe6 26. Ng3 Bc6 27. axb5
Bxb5 28. Nxe4 Rf8 29. Ng3 Bd3 30. Rad1 Rcd8 31. e4 g6 32. Re3 Bb5 33. Rxd8 Rxd8
34. Re1 Rd3 35. f3 Kf7 36. Nf1 Qc4 37. Rc1 Qe6 38. Qa1 Bc7 39. Rd1 Qc4 40. Rxd3
Qxd3 41. Qc1 Bd8 42. Bxe5 Ke6 43. Bf4 g5 44. Be3 Bf6 45. Qe1 Bd4 46. Bxd4 Qxd4+
47. Ne3 Ke5 48. Kh1 Bd7 49. h3 h5 50. Nd5 h4 51. Qc3 Qxc3 52. Nxc3 Kd4 53. Nd5
Bb5 54. Kg1 a5 55. bxa5 Kxc5 56. Nc7 Bc6 57. Ne6+ Kb5 58. Nxg5 Kxa5 59. Kf2 Kb4
60. Ke3 1-0

[Event "XIV Open Primavera"]
[Site "Robecchetto con Induno ITA"]
[Date "2017.05.11"]
[Round "6"]
[White "Colombo, Emanuele"]
[Black "Santangelo, Riccardo"]
[Result "0-1"]
[WhiteElo "1584"]
[BlackElo "1707"]
[PlyCount "62"]
[EventDate "2017.04.06"]

1. e4 e6 2. d4 d5 3. e5 c5 4. c3 Nc6 5. Nf3 Bd7 6. Bd3 Qb6 7. O-O cxd4 8. cxd4
Nxd4 9. Nxd4 Qxd4 10. Re1 Ne7 11. Nc3 Qb6 12. b3 Ng6 13. Qe2 a6 14. Kh1 Bc5 15.
Nd1 O-O 16. Bxg6 fxg6 17. f4 Bb4 18. Rg1 Bb5 19. Qg4 d4 20. Nb2 Bc3 21. Rb1
Rad8 22. a4 Bxb2 23. a5 Qc6 24. Bxb2 Rf5 25. Rgd1 d3 26. Bc1 Qe4 27. h4 d2 28.
Ba3 Be2 29. Qg3 Bxd1 30. Rxd1 Rd3 31. Qf2 Rxf4 0-1

[Event "XIV Open Primavera"]
[Site "Robecchetto con Induno ITA"]
[Date "2017.05.11"]
[Round "6"]
[White "Colombo, Ernesto"]
[Black "Mereghetti, Marco"]
[Result "0-1"]
[WhiteElo "1542"]
[BlackElo "1704"]
[PlyCount "62"]
[EventDate "2017.04.06"]

1. d4 Nf6 2. c4 g6 3. Nc3 d5 4. cxd5 Nxd5 5. e4 Nxc3 6. bxc3 Bg7 7. Nf3 O-O 8.
Bc4 c5 9. e5 Nc6 10. Be3 Qa5 11. Qb3 cxd4 12. Nxd4 Qxe5 13. O-O Na5 14. Qb4
Nxc4 15. Qxc4 Qa5 16. Rab1 b6 17. Rfc1 Bb7 18. Rb5 Qa3 19. Rb4 Rac8 20. Qb3
Qxb3 21. axb3 Rfd8 22. Ne2 Bxc3 23. Nxc3 Rxc3 24. Ra1 Rdd3 25. h3 a6 26. Rxb6
Rxb3 27. Rb1 Rxb1+ 28. Rxb1 Rd7 29. h4 f5 30. g3 Kf7 31. Rb6 Rd1+ 0-1

[Event "XIV Open Primavera"]
[Site "Robecchetto con Induno ITA"]
[Date "2017.05.11"]
[Round "6"]
[White "Macchiettini, Pierangelo"]
[Black "Frignani, Alessandro"]
[Result "1/2-1/2"]
[WhiteElo "1655"]
[BlackElo "1433"]
[PlyCount "80"]
[EventDate "2017.04.06"]

1. d4 d5 2. Nf3 Nc6 3. e3 a6 4. c4 Nf6 5. Nc3 e6 6. a3 g6 7. Bd3 Bg7 8. O-O Bd7
9. b4 Na7 10. Bb2 c6 11. Na4 b6 12. Rc1 O-O 13. Nc3 Bc8 14. Qb3 Bb7 15. Be2 Nd7
16. cxd5 cxd5 17. Na4 Rc8 18. Rxc8 Nxc8 19. Rc1 Nd6 20. Bd3 Qb8 21. h3 Rc8 22.
Qd1 Rc7 23. Rxc7 Qxc7 24. Qc2 b5 25. Nc5 Nxc5 26. dxc5 Bxb2 27. Qxb2 Nc4 28.
Qc3 Qd8 29. Qc1 f6 30. Be2 e5 31. Qc3 Bc6 32. Qc1 Qd7 33. Nh2 Kf7 34. Ng4 h5
35. Nh2 Kg7 36. Nf3 Qe6 37. Qc3 Qf5 38. Nd2 Qg5 39. Nf3 Qf5 40. Kh2 Qb1 1/2-1/2

[Event "XIV Open Primavera"]
[Site "Robecchetto con Induno ITA"]
[Date "2017.05.11"]
[Round "6"]
[White "Fortes Serra, Jordi"]
[Black "Colombo, Sandro"]
[Result "0-1"]
[WhiteElo "1472"]
[BlackElo "1791"]
[PlyCount "86"]
[EventDate "2017.04.06"]

1. d4 d5 2. c4 dxc4 3. e4 e5 4. Nf3 exd4 5. Qxd4 Qxd4 6. Nxd4 Bb4+ 7. Nc3 a6 8.
Bxc4 c5 9. Nde2 Nc6 10. O-O Nf6 11. f3 O-O 12. Bg5 Ne5 13. Bd5 Nxd5 14. Nxd5
Ba5 15. Be7 Re8 16. Bxc5 Nd3 17. Bd4 Be6 18. Rfd1 Bxd5 19. Rxd3 Bc4 20. Ra3 Bb4
21. Re3 Bd2 22. Nf4 Bxe3+ 23. Bxe3 f5 24. b3 Bb5 25. Nd5 Rac8 26. exf5 Rcd8 27.
Nc7 Rxe3 28. Nxb5 axb5 29. Kf2 Rc3 30. Kg3 Rc2 31. a3 Rdd2 32. Re1 Rxg2+ 33.
Kf4 Kf7 34. Re5 Rxh2 35. Rxb5 Rc7 36. a4 Rg2 37. a5 h5 38. f6 g5+ 39. Ke3 h4
40. f4 h3 41. Kf3 g4+ 42. Ke3 h2 43. Rh5 Rc3+ 0-1

[Event "XIV Open Primavera"]
[Site "Robecchetto con Induno ITA"]
[Date "2017.05.12"]
[Round "6"]
[White "Koureas, Panicos"]
[Black "Rutigliano, Cesare"]
[Result "0-1"]
[WhiteElo "1439"]
[BlackElo "1666"]
[PlyCount "86"]
[EventDate "2017.04.06"]

1. e4 e6 2. d4 d5 3. e5 c5 4. Nf3 Nc6 5. Bd3 cxd4 6. O-O h6 7. Re1 Qb6 8. Nbd2
Bd7 9. Nb3 Rc8 10. a3 a5 11. Bf1 a4 12. Nbxd4 Nxd4 13. Nxd4 Ne7 14. c3 Ng6 15.
Rb1 Bxa3 16. Be3 Bc5 17. b3 a3 18. b4 Bf8 19. Qb3 Nxe5 20. Qxa3 Qc7 21. Rbc1
Ng4 22. Nf3 Bd6 23. g3 h5 24. Nh4 Be7 25. Bf4 e5 26. Be3 Bxh4 27. gxh4 e4 28.
f4 Nxe3 29. Rxe3 Qxf4 30. Rg3 O-O 31. Qa7 Qxc1 32. Qd4 Qh6 33. Qxd5 Bc6 34. Qe5
Rce8 35. Qc5 e3 36. Be2 Re4 37. b5 Bd7 38. Qd5 Qe6 39. Qxh5 Re5 40. Qf3 Bxb5
41. c4 Bc6 42. Qf4 Ra8 43. h3 Ra1+ 0-1

[Event "XIV Open Primavera"]
[Site "Robecchetto con Induno ITA"]
[Date "2017.05.11"]
[Round "6"]
[White "Rampazzo, Franco"]
[Black "Posapiano, Giacomo"]
[Result "0-1"]
[WhiteElo "1295"]
[BlackElo "1623"]
[PlyCount "120"]
[EventDate "2017.04.06"]

1. e4 c5 2. Nf3 d6 3. Nc3 Nc6 4. b3 Nf6 5. Bb2 e5 6. Bb5 Bd7 7. O-O a6 8. Bxc6
Bxc6 9. Re1 b5 10. a3 b4 11. axb4 cxb4 12. Na2 Qb6 13. d3 g6 14. c3 a5 15. h3
Bh6 16. Bc1 Bxc1 17. Qxc1 Rc8 18. Qh6 bxc3 19. Qg7 Ke7 20. Ng5 Qxb3 21. Reb1
Nh5 22. Qxh8 Qxb1+ 23. Rxb1 Rxh8 24. Nxc3 h6 25. Nf3 Nf4 26. d4 f6 27. dxe5
fxe5 28. Ra1 a4 29. Nd2 Rb8 30. Ra2 Nd3 31. f3 Rb2 32. Ndb1 Rxa2 33. Nxa2 d5
34. exd5 Bxd5 35. Nac3 Bb3 36. Kf1 Kd6 37. Ke2 Nf4+ 38. Kf2 Kc5 39. Ne2 Kb4 40.
Nec3 a3 41. Nxa3 Kxa3 42. Ne4 Bc2 43. Nf6 h5 44. h4 Kb4 45. g3 Nd3+ 46. Kg2 Kc4
47. g4 Nf4+ 48. Kg3 Kd4 49. g5 Ba4 50. Kf2 Bc6 51. Ng8 Bd7 52. Kg3 Bf5 53. Nf6
Ke3 54. Ne8 Nd3 55. Nd6 Be6 56. Ne8 Ne1 57. Ng7 Bd7 58. Nxh5 gxh5 59. g6 Be6
60. g7 Nxf3 0-1

[Event "XIV Open Primavera"]
[Site "Robecchetto con Induno ITA"]
[Date "2017.05.11"]
[Round "6"]
[White "Ghiggini, Stefano"]
[Black "Salerno, Christian"]
[Result "0-1"]
[WhiteElo "1326"]
[BlackElo "1777"]
[PlyCount "50"]
[EventDate "2017.04.06"]

1. e4 Nf6 2. e5 Nd5 3. d4 d6 4. Nf3 Nc6 5. Bc4 e6 6. O-O Be7 7. c3 O-O 8. Re1
Nb6 9. Bb3 dxe5 10. Nxe5 Nxe5 11. Rxe5 Nd7 12. Re1 Nf6 13. Nd2 c5 14. Nf3 b6
15. Bc2 Bb7 16. Bg5 cxd4 17. Nxd4 Qd5 18. Nf3 Qb5 19. b3 Bxf3 20. c4 Bxd1 21.
cxb5 Bxc2 22. Rac1 Rac8 23. Be3 Ba3 24. Bd4 Bxc1 25. Rxc1 Rfd8 0-1

[Event "XIV Open Primavera"]
[Site "Robecchetto con Induno ITA"]
[Date "2017.05.11"]
[Round "6"]
[White "Crotti, Massimo"]
[Black "Madaschi, Sergio"]
[Result "1-0"]
[WhiteElo "1316"]
[BlackElo "1389"]
[PlyCount "137"]
[EventDate "2017.04.06"]

1. d4 Nf6 2. Nc3 d5 3. Nf3 e6 4. Bg5 Be7 5. e3 Nbd7 6. Bf4 O-O 7. h3 c5 8. Be2
Qa5 9. O-O a6 10. a3 b5 11. dxc5 b4 12. axb4 Qxb4 13. Na4 Nxc5 14. c3 Qb7 15.
b4 Nxa4 16. Rxa4 Bd7 17. Ra1 Bb5 18. Nd4 Bxe2 19. Nxe2 Rfd8 20. Qc2 Rdc8 21.
Be5 Ne8 22. Nc1 Bf6 23. Bxf6 Nxf6 24. Ne2 Qb5 25. Nd4 Qc4 26. Rfc1 Ne4 27. Ra3
g6 28. f3 Nd6 29. Qe2 Qxe2 30. Nxe2 Nc4 31. Ra2 Nxe3 32. Rca1 Nc4 33. Rxa6 Rxa6
34. Rxa6 Rb8 35. Nd4 h6 36. Nc6 Rb7 37. Kf2 Kg7 38. Nd4 Kf6 39. g3 Nd2 40. Ke2
Nc4 41. Kf2 Kg7 42. f4 Nd2 43. Ke3 Ne4 44. Rc6 Nxg3 45. Nb3 Nf5+ 46. Kd3 Ne7
47. Rc5 Kf6 48. Na5 Rb6 49. b5 Kf5 50. Ke3 Ng8 51. c4 Ne7 52. Nc6 Nxc6 53. Rxc6
Rb8 54. cxd5 exd5 55. b6 Rb7 56. Kd4 Kxf4 57. Kxd5 Kg3 58. Rc3+ Kh4 59. Kc6 Re7
60. b7 h5 61. Kb6 Re6+ 62. Ka7 Re7 63. Ka8 Rxb7 64. Kxb7 f5 65. Kc6 f4 66. Kd5
g5 67. Ke4 g4 68. hxg4 hxg4 69. Kxf4 1-0

[Event "XIV Open Primavera"]
[Site "Robecchetto con Induno ITA"]
[Date "2017.05.18"]
[Round "7"]
[White "Bianchi, Alberto"]
[Black "Virgilio, Gianluca"]
[Result "1-0"]
[WhiteElo "1868"]
[BlackElo "1783"]
[PlyCount "55"]
[EventDate "2017.04.06"]

1. Nf3 c5 2. e4 Nc6 3. d4 cxd4 4. Nxd4 Nf6 5. Nxc6 bxc6 6. Bd3 d6 7. O-O g6 8.
Nd2 Bg7 9. Nf3 Rb8 10. c3 O-O 11. Qe2 Re8 12. Rb1 Be6 13. Nd4 Bxa2 14. Ra1 Be6
15. Nxc6 Bg4 16. Qe1 Qc7 17. Nxb8 Rxb8 18. f3 Be6 19. Qf2 a5 20. Be3 Nd7 21.
Rfc1 Ne5 22. Bf1 Nc4 23. Bxc4 Bxc4 24. b4 axb4 25. Ra7 Qd8 26. cxb4 Rxb4 27.
Qe1 Qb8 28. Qxb4 1-0

[Event "XIV Open Primavera"]
[Site "Robecchetto con Induno ITA"]
[Date "2017.05.18"]
[Round "7"]
[White "Caccianiga, Andrea"]
[Black "Cunati, Valerio"]
[Result "0-1"]
[WhiteElo "1367"]
[BlackElo "1632"]
[PlyCount "80"]
[EventDate "2017.04.06"]

1. e4 c5 2. Nf3 d6 3. d4 cxd4 4. Nxd4 Nf6 5. Bd3 e5 6. Nf3 Nc6 7. c3 Be6 8. Bg5
Be7 9. Nbd2 O-O 10. O-O Qb6 11. Qc2 Rac8 12. Be3 Qc7 13. Ng5 Bg4 14. f3 Bd7 15.
f4 a6 16. f5 Ng4 17. Rae1 Nxe3 18. Rxe3 Bxg5 19. Rg3 Bf4 20. Rh3 Qb6+ 21. Kh1
Nb4 22. Qd1 Nxd3 23. Qh5 h6 24. Rxd3 Bb5 25. Rxf4 exf4 26. Rh3 Qf2 27. Nf3 Be2
28. Qh4 Qxh4 29. Nxh4 Rfe8 30. f6 g6 31. Nf3 Bxf3 32. gxf3 Kh7 33. Rh4 g5 34.
Rh5 Re6 35. h4 gxh4 36. Rf5 Kg6 37. Rxf4 Rxf6 38. Rg4+ Kh5 39. Kg2 Rc5 40. f4
Kxg4 0-1

[Event "XIV Open Primavera"]
[Site "Robecchetto con Induno ITA"]
[Date "2017.05.18"]
[Round "7"]
[White "Testa, Loris"]
[Black "Novi', Giuseppe"]
[Result "1/2-1/2"]
[WhiteElo "1903"]
[BlackElo "1825"]
[PlyCount "64"]
[EventDate "2017.04.06"]

1. e4 c6 2. d4 d5 3. e5 Bf5 4. g4 Bd7 5. h3 e6 6. Bg2 c5 7. c3 Nc6 8. Nf3 cxd4
9. cxd4 Nge7 10. Nc3 Qb6 11. Na4 Qc7 12. Bd2 Ng6 13. Rc1 Be7 14. b4 a6 15. h4
h5 16. Ng5 Ngxe5 17. dxe5 Qxe5+ 18. Kf1 Nxb4 19. Nb6 Bb5+ 20. Kg1 Rd8 21. a4
Bc6 22. gxh5 Nd3 23. Rc3 Qd4 24. Rxd3 Qxd3 25. Rh3 Qd4 26. a5 Bb5 27. Qf3 Bf6
28. Bc3 Qxc3 29. Qxc3 Bxc3 30. Rxc3 Bc6 31. Rf3 O-O 32. Rg3 Kh8 1/2-1/2

[Event "XIV Open Primavera"]
[Site "Robecchetto con Induno ITA"]
[Date "2017.05.18"]
[Round "7"]
[White "Santangelo, Riccardo"]
[Black "Barrera, Pietro"]
[Result "0-1"]
[WhiteElo "1707"]
[BlackElo "1812"]
[PlyCount "47"]
[EventDate "2017.04.06"]

1. d4 e6 2. Bf4 d5 3. Nf3 Bd6 4. Bxd6 cxd6 5. c3 Nf6 6. e3 Nc6 7. Nbd2 O-O 8.
h3 e5 9. Nb3 Bf5 10. Nh4 Be6 11. Nf3 Re8 12. Be2 Rc8 13. Nh2 Ne4 14. O-O f5 15.
Nd2 Nf6 16. Nb3 b6 17. Kh1 Qd7 18. Rg1 Ne4 19. Rf1 Rf8 20. Nd2 Nf6 21. Rg1 Rce8
22. Nhf3 Qe7 23. Nf1 Ne4 24. N1d2 0-1

[Event "XIV Open Primavera"]
[Site "Robecchetto con Induno ITA"]
[Date "2017.05.18"]
[Round "7"]
[White "Mereghetti, Marco"]
[Black "Gaspari, Giulio"]
[Result "1-0"]
[WhiteElo "1704"]
[BlackElo "1717"]
[PlyCount "85"]
[EventDate "2017.04.06"]

1. e4 e6 2. d4 d5 3. Nc3 c6 4. Nf3 Bb4 5. e5 Bxc3+ 6. bxc3 Ne7 7. Bd3 h6 8. O-O
O-O 9. Nh4 f5 10. exf6 Rxf6 11. Qh5 Bd7 12. Re1 Be8 13. Qg4 Bf7 14. Re3 Nd7 15.
Ba3 c5 16. dxc5 Nc6 17. Rae1 Nf8 18. Rg3 g5 19. Bc1 Nh7 20. f4 Qe8 21. fxg5 Bh5
22. Bxh7+ Kxh7 23. g6+ Bxg6 24. Nxg6 Rxg6 25. Qxg6+ Qxg6 26. Rxg6 Kxg6 27.
Rxe6+ Kf5 28. Rxh6 Re8 29. Kf2 Re7 30. Rh5+ Ke4 31. Rh4+ Kf5 32. Rf4+ Kg6 33.
g4 Rh7 34. Kg3 Re7 35. h4 Re1 36. h5+ Kg7 37. Bd2 Re2 38. Rf2 Re4 39. g5 a5 40.
h6+ Kg8 41. g6 Ne5 42. h7+ Kg7 43. Bh6+ 1-0

[Event "XIV Open Primavera"]
[Site "Robecchetto con Induno ITA"]
[Date "2017.05.18"]
[Round "7"]
[White "Colombo, Sandro"]
[Black "Vighi, Gabriele"]
[Result "1-0"]
[WhiteElo "1791"]
[BlackElo "1443"]
[PlyCount "21"]
[EventDate "2017.04.06"]

1. c4 e5 2. Nc3 Nc6 3. Nf3 Nf6 4. d4 exd4 5. Nxd4 Nxd4 6. Qxd4 c6 7. e4 Bb4 8.
Bg5 Bxc3+ 9. Qxc3 Nxe4 10. Qe5+ Kf8 11. Bxd8 1-0

[Event "XIV Open Primavera"]
[Site "Robecchetto con Induno ITA"]
[Date "2017.05.18"]
[Round "7"]
[White "Santoruvo, Gianfranco"]
[Black "Macchiettini, Pierangelo"]
[Result "1/2-1/2"]
[WhiteElo "1787"]
[BlackElo "1655"]
[PlyCount "85"]
[EventDate "2017.04.06"]

1. e4 c5 2. c3 d6 3. d4 cxd4 4. cxd4 e6 5. Nc3 Nf6 6. f4 Qc7 7. Nf3 a6 8. Bd3
Nbd7 9. Qa4 Be7 10. Bd2 Qb8 11. O-O b5 12. Qd1 Bb7 13. Qe2 e5 14. d5 O-O 15.
Nh4 Re8 16. Nf5 Bf8 17. g4 Nc5 18. g5 Nfd7 19. Bc2 exf4 20. b4 Na4 21. Nxa4
bxa4 22. Bxa4 Bxd5 23. Bxd7 Qa7+ 24. Qf2 Qxd7 25. exd5 Qxf5 26. Qg2 Qe4 27.
Rxf4 Qxg2+ 28. Kxg2 Re2+ 29. Rf2 Re5 30. Rc1 Ra7 31. Rc6 Rxd5 32. Bf4 a5 33. a3
axb4 34. axb4 Rb7 35. Rb2 g6 36. Rb3 Rd4 37. Kf3 Rdxb4 38. Rxb4 Rxb4 39. Bxd6
Bxd6 40. Rxd6 Kg7 41. Kg3 h6 42. h4 h5 43. Rd7 1/2-1/2

[Event "XIV Open Primavera"]
[Site "Robecchetto con Induno ITA"]
[Date "2017.05.18"]
[Round "7"]
[White "Rutigliano, Cesare"]
[Black "Moroni, Luca"]
[Result "0-1"]
[WhiteElo "1666"]
[BlackElo "1764"]
[PlyCount "59"]
[EventDate "2017.04.06"]

1. Nf3 c5 2. c4 Nc6 3. g3 Nf6 4. Bg2 g6 5. O-O Bg7 6. d4 cxd4 7. Nxd4 O-O 8.
Nb5 a6 9. N5c3 d6 10. b3 Be6 11. Bb2 Rc8 12. Nd2 Qa5 13. Nce4 Nxe4 14. Bxg7
Nxd2 15. Bxf8 Nxf1 16. Bh6 Qh5 17. Qxf1 Qxh6 18. Rd1 Qg5 19. f4 Qf6 20. c5 d5
21. e4 dxe4 22. Bxe4 Bf5 23. Bg2 Qc3 24. Qf2 Rd8 25. Rxd8+ Nxd8 26. Bd5 e6 27.
Bc4 Nc6 28. Kg2 Be4+ 29. Kh3 Qf3 30. Qd2 0-1

[Event "XIV Open Primavera"]
[Site "Robecchetto con Induno ITA"]
[Date "2017.05.18"]
[Round "7"]
[White "Frignani, Alessandro"]
[Black "Colusso, Ermes"]
[Result "0-1"]
[WhiteElo "1433"]
[BlackElo "1741"]
[PlyCount "65"]
[EventDate "2017.04.06"]

1. e4 c5 2. Nf3 d6 3. Bb5+ Bd7 4. Bc4 e6 5. d3 Nc6 6. Bg5 Be7 7. Qd2 h6 8. Bf4
Nf6 9. Nc3 a6 10. a3 O-O 11. O-O-O b5 12. Ba2 b4 13. Nb1 a5 14. d4 cxd4 15. e5
dxe5 16. Bxe5 Nxe5 17. Nxe5 Bc5 18. c3 Ba4 19. b3 bxc3 20. Qd3 Qc7 21. Rhe1 Bc6
22. f3 Bd5 23. a4 Rab8 24. Qc2 Qd6 25. Rd3 Rfd8 26. Kd1 Qb6 27. Nc4 Bxc4 28.
bxc4 Rd7 29. Re5 Rdb7 30. Rxc5 Qxc5 31. Qf2 Rxb1+ 32. Bxb1 Rxb1+ 33. Ke2 0-1

[Event "XIV Open Primavera"]
[Site "Robecchetto con Induno ITA"]
[Date "2017.05.18"]
[Round "7"]
[White "Posapiano, Giacomo"]
[Black "Colombo, Emanuele"]
[Result "1-0"]
[WhiteElo "1623"]
[BlackElo "1584"]
[PlyCount "79"]
[EventDate "2017.04.06"]

1. d4 d5 2. Nf3 c6 3. c4 e6 4. Bg5 f6 5. Bf4 dxc4 6. e4 b5 7. Nc3 Bb4 8. a3 Ba5
9. Be2 Ne7 10. O-O O-O 11. Qc2 Bb7 12. b4 cxb3 13. Qxb3 Bxc3 14. Qxc3 Kh8 15.
Bd3 Qe8 16. Rfe1 Nd7 17. Qb3 Ng6 18. Bd6 Rf7 19. e5 Nf4 20. Be4 h6 21. Qc2 Rc8
22. Qd2 g5 23. g3 Nh3+ 24. Kg2 f5 25. Bd3 g4 26. Nh4 c5+ 27. Kf1 cxd4 28. Bxb5
Rc3 29. Rec1 Qc8 30. Qxh6+ Rh7 31. Ng6+ Kg8 32. Ne7+ Rxe7 33. Bxe7 Nxe5 34. Bf6
Bg2+ 35. Ke1 Nf3+ 36. Ke2 Nhg1+ 37. Rxg1 Nxg1+ 38. Kd1 Bf3+ 39. Ke1 Re3+ 40.
Kf1 1-0

[Event "XIV Open Primavera"]
[Site "Robecchetto con Induno ITA"]
[Date "2017.05.18"]
[Round "7"]
[White "Salerno, Christian"]
[Black "Colombo, Ernesto"]
[Result "0-1"]
[WhiteElo "1777"]
[BlackElo "1542"]
[PlyCount "108"]
[EventDate "2017.04.06"]

1. d4 Nf6 2. c4 e6 3. Nf3 b6 4. g3 Bb7 5. Bg2 c5 6. O-O Be7 7. Nc3 O-O 8. b3
Qc8 9. Bb2 Rd8 10. d5 exd5 11. Nxd5 Nxd5 12. cxd5 d6 13. Re1 Nd7 14. Bh3 Qc7
15. e4 Bf6 16. Bxf6 Nxf6 17. Nd2 Re8 18. Qc2 Rad8 19. f4 b5 20. a4 bxa4 21.
Rxa4 Nxd5 22. Rxa7 Nb4 23. Qc4 Qb6 24. Raa1 d5 25. exd5 Bxd5 26. Qc3 c4+ 27.
Kf1 Rxe1+ 28. Rxe1 cxb3 29. Nxb3 Qb5+ 30. Kg1 Bc4 31. Nd2 Qc5+ 32. Qe3 Qxe3+
33. Rxe3 Ba6 34. Bf1 Bxf1 35. Kxf1 Kf8 36. Nf3 Nc6 37. Kf2 f6 38. g4 h6 39. h3
Ne7 40. Kg3 Re8 41. f5 Nxf5+ 42. gxf5 Rxe3 43. Kf4 Ra3 44. h4 Kf7 45. h5 Ra4+
46. Kg3 Ke7 47. Nh4 Kd6 48. Ng6 Kd5 49. Kf3 Ra1 50. Ke3 Rh1 51. Kf3 Kd4 52. Nf4
Ke5 53. Ne2 Rxh5 54. Ng3 Rxf5+ 0-1

[Event "XIV Open Primavera"]
[Site "Robecchetto con Induno ITA"]
[Date "2017.05.18"]
[Round "7"]
[White "Rampazzo, Franco"]
[Black "Fortes Serra, Jordi"]
[Result "0-1"]
[WhiteElo "1295"]
[BlackElo "1472"]
[PlyCount "111"]
[EventDate "2017.04.06"]

1. e4 c5 2. Nf3 Nc6 3. c3 Nf6 4. d3 e6 5. h3 Be7 6. Bg5 O-O 7. e5 Ne8 8. Bxe7
Qxe7 9. d4 d5 10. exd6 Qxd6 11. Bb5 cxd4 12. cxd4 Nc7 13. Bxc6 Qxc6 14. O-O Rd8
15. Nc3 Qb6 16. Rb1 Bd7 17. Ne5 Nb5 18. Nxb5 Bxb5 19. Re1 Rxd4 20. Qf3 Be8 21.
b3 Rad8 22. Rbd1 Qc7 23. Rxd4 Rxd4 24. Qe3 Rd5 25. Nf3 h6 26. Rc1 Qa5 27. Rc8
Kf8 28. a4 a6 29. Nh4 Rd8 30. Rc5 Qb6 31. Qc3 Bc6 32. a5 Qc7 33. Re5 Qd6 34.
Re1 Qd4 35. Qg3 Qd2 36. Qe5 Rd6 37. Re2 Qd5 38. Qc3 Rd7 39. Re5 Qd4 40. Qc5+
Kg8 41. Qxd4 Rxd4 42. Re3 Rxh4 43. Kh2 Rb4 44. f3 Bd5 45. Kg3 Rxb3 46. Re1 Ra3
47. Rc1 Rxa5 48. Kf4 Bc6 49. Rc2 Rd5 50. Ke3 a5 51. Ra2 a4 52. Ra3 Kh7 53. Ra2
Ra5 54. Ra3 b5 55. Rc3 Bd5 56. Ra3 0-1

[Event "XIV Open Primavera"]
[Site "Robecchetto con Induno ITA"]
[Date "2017.05.18"]
[Round "7"]
[White "Koureas, Panicos"]
[Black "Crotti, Massimo"]
[Result "1-0"]
[WhiteElo "1439"]
[BlackElo "1316"]
[PlyCount "59"]
[EventDate "2017.04.06"]

1. e4 c6 2. d4 d5 3. exd5 cxd5 4. Bd3 Nf6 5. c3 Nc6 6. Bf4 e6 7. Nf3 Be7 8.
Nbd2 Nh5 9. Be3 Nf6 10. O-O a6 11. h3 h6 12. Qc2 Bd6 13. Rfe1 Bd7 14. Nf1 b5
15. b4 Nh5 16. Qe2 Nf4 17. Bxf4 Bxf4 18. g3 Bg5 19. Ne5 Nxe5 20. Qxe5 Bf6 21.
Qxd5 Qc7 22. Qxa8+ Bd8 23. Qxa6 O-O 24. Bxb5 Bxb5 25. Qxb5 Qxc3 26. Qc5 Qd3 27.
Rad1 Qg6 28. b5 e5 29. dxe5 Bb6 30. Qc6 1-0

[Event "XIV Open Primavera"]
[Site "Robecchetto con Induno ITA"]
[Date "2017.05.18"]
[Round "7"]
[White "Madaschi, Sergio"]
[Black "Ghiggini, Stefano"]
[Result "1/2-1/2"]
[WhiteElo "1389"]
[BlackElo "1326"]
[Annotator ",r"]
[PlyCount "86"]
[EventDate "2017.04.06"]

1. d4 d5 2. c4 c6 3. Nf3 Nf6 4. Nc3 e6 5. Bg5 Nbd7 6. e3 Be7 7. Bd3 O-O 8. O-O
dxc4 9. Bxc4 Re8 10. Qc2 b5 11. Be2 a6 12. a3 Bb7 13. Rfd1 Nd5 14. Bxe7 Qxe7
15. Nxd5 cxd5 16. Qc7 Rab8 17. Rac1 Rec8 18. Qg3 Qd8 19. Bd3 h6 20. h3 Nf6 21.
Ne5 Qe8 22. Qf3 Nd7 23. Nxd7 Qxd7 24. Qe2 Rc6 25. Rc5 Rbc8 26. b4 Qe7 27. Rdc1
Qe8 28. R1c3 Qd7 29. Qc2 Qe8 30. e4 Qd7 31. exd5 Rxc5 32. Rxc5 Rxc5 33. Qxc5
Qxd5 34. Qxd5 Bxd5 35. f3 f6 36. Kf2 Kf8 37. Ke3 Ke7 38. Be4 Bxe4 39. fxe4 Kd6
40. g4 g5 41. Kd3 Kc6 42. Kc3 Kd6 43. Kd3 Kc6 1/2-1/2